| 000 | 00586nam a2200241 a 4500 | ||
|---|---|---|---|
| 005 | 20140311163010.0 | ||
| 008 | 051214s19uu xx 00 eng d | ||
| 020 | _a0071250042 | ||
| 050 |
_aQP 36 _b.M2 2005 |
||
| 100 | _aMader, Sylvia S. | ||
| 245 |
_aHuman biology / _cSylvia S. Mader. |
||
| 250 | _a8th ed. | ||
| 260 |
_aNew York : _bMcGraw-Hill, _c2005. |
||
| 300 |
_ax, 541 p. : _bill. ; _c26 cm. |
||
| 521 | _aNUR | ||
| 650 | _aHuman biology. | ||
| 942 |
_cBK _2lcc _kFOR |
||
| 999 |
_c39369 _d39369 |
||